000 00781cab a2200253 4500
001 ABS57033
008 090401t1997 xxu||||| |||| 00| 0 eng d
035 _a(Sirsi) u98402
041 _aeng
100 _aSmith, R.M.
245 _aRisk analysis checklist
260 _c1997
350 _a0
490 _aCost Engineer
_v35(3) May 1997, 7-9(3)
520 _aArticle which explains that by using a checklist, risk descriptions can be provided which will make it easier to defend the risk analysis, and give the benefit of starting a risk management process.
650 _aCHECKLIST
650 _aCOST ESTIMATES
650 _aPROJECT COSTS
650 _aRISK ANALYSIS
650 _aRISKS
690 _aProject management
_96261
942 _n0
948 _c28/05/1997
999 _c59799
_d59799